Miasta nad Morzem Północnym - nagła śmierć - Statystyki

Ogólne statystyki
  • Ten quiz został rozwiązany 65 razy
    54 od ostatniego zresetowania
  • Średni wynik to 4 z 14
Answers on the Grid
Answers color-coded by a green-red scale on the quiz's grid according to % correct below.
Aberdeen
Amsterdam
Bergen
Brema
Bremerhaven
Brugia
Cuxhaven
Dunkierka
Edynburg
Emden
Esbjerg
Flensburg
Glasgow
Groningen
Haga
Hamburg
Hawr
Kilonia
Kopenhaga
Lelystad
Londyn
Newcastle upon Tyne
Norwich
Oslo
Rotterdam
Scarborough
Stavanger
Wilhelmshaven
 
Statystyki odpowiedzi
Odpowiedź % Poprawnych
Aberdeen
83%
Bremerhaven
67%
Dunkierka
50%
Bergen
33%
Brugia
33%
Edynburg
33%
Emden
33%
Cuxhaven
17%
Esbjerg
0%
Haga
0%
Newcastle upon Tyne
0%
Scarborough
0%
Stavanger
0%
Wilhelmshaven
0%
Nie znaleziono quizów pasujących do podanych kryteriów
Rozkład punktacji
Procent ludzi z każdym wynikiem
Percentyl według liczby udzielonych odpowiedzi
Twoja historia wyników
Nie rozwiązałeś tego quizu od ostatniego zresetowania